Follow That Line: Pyramids Quiz Stats

Quiz not verified by Sporcle

Also try: 'J' Books by Cover
Challenge
Share
Tweet
Embed
Score 0/20 Timer 15:00
0 Plays Today
% Correct
who generally prefer people to be killed for very small sums of money or for free.
93.6%
because it moved faster than the land around it.
93.1%
except for two fan wavers, a butler, two enormous Howonder guards by the door, and a couple of handmaidens.
92%
Life seemed so much brighter when she stopped.
91.5%
It was amazing what you could do with a hole in the ground.
91.5%
when it comes to moving mountains, gravity wins every time.
91.5%
which some people tended to think of as the same thing only louder.
91%
like how much better they could run the country.
91%
I believed people wouldn't notice I'd sold them camels with plaster teeth until I was well out of town.
91%
A direct hit by a meteorite, for example, would count as gentrification.
90.4%
% Correct
a crocodile.
90.4%
we do it for a great deal of money.
90.4%
it would dissolve.
90.4%
and the mental processes to match.
89.9%
to say exactly the wrong thing at the wrong time.
89.4%
All right, madder.
88.8%
when they begin to take the view that injustice has its good points.
88.3%
the intense absence of noise caused by someone moving with extreme care.
87.8%
because they were not it.
87.8%
They were waiting for him to tell them so.
87.8%

You're not logged in!

Compare scores with friends on all Sporcle quizzes.
Sign Up with Email
OR
Log In

You Might Also Like...

Show Comments

Extras

Top Quizzes Today


Score Distribution

Your Account Isn't Verified!

In order to create a playlist on Sporcle, you need to verify the email address you used during registration. Go to your Sporcle Settings to finish the process.